000 00273nam a2200121 a 4500
008 100920s1976|||| d
245 1 0 _aEjzenštejn
100 1 _aŠklovskij, Viktor
260 _bObzor
_aBratislava
_c1976
020 _c28
044 _axo
_cSK
041 _aslo
999 _c10525
_d10525